[Event "AUTO-INT-3196"]
[Site "http://www.queenalice.com/game.php?id=1451447"]
[Date "2016.11.23"]
[Round "1"]
[White "titi93"]
[Black "ismaelfln"]
[Result "1-0"]
[WhiteElo "1502"]
[BlackElo "1577"]

1. e4 e5 2. d3 Nf6 3. h3 Bc5 4. Bg5 h6 5. Bxf6 Qxf6 6. Nf3 g5 7. Nc3 O-O 8. a3
d6 9. Nd5 Qd8 10. d4 exd4 11. Nxd4 Bxd4 12. Qxd4 c5 13. Qc3 Nd7 14. Bc4 a6 15.
Qf3 b5 16. Ba2 Kg7 17. O-O Ne5 18. Qc3 a5 19. f4 gxf4 20. Rxf4 b4 21. axb4 axb4
22. Qg3+ Kh7 23. Nf6+ Kh8 24. Qh4 Qxf6 25. Qxf6+ Kh7 26. Rh4 Ng6 27. Rh5 Be6 28.
b3 Rac8 29. Rf1 c4 30. c3 cxb3 31. Bb1 bxc3 32. Bd3 b2 33. Qf2 Ba2 34. e5 b1=Q
35. Bxb1 Bxb1 36. Rxb1 Nxe5 37. Qc2+ Ng6 38. Qc1 Rh8 39. Rxh6+ Kg7 40. Rxh8 Kxh8
41. Rb7 Kg7 42. Rb3 f5 43. Rxc3 Rxc3 44. Qxc3+ Kh6 45. g3 Kg5 46. Kf2 Ne5 47.
Qd2+ Kg6 48. Qxd6+ 1-0

[Event "AUTO-INT-3196"]
[Site "http://www.queenalice.com/game.php?id=1451448"]
[Date "2016.11.23"]
[Round "1"]
[White "ismaelfln"]
[Black "titi93"]
[Result "0-1"]
[WhiteElo "1566"]
[BlackElo "1503"]

1. e4 e5 2. Nf3 d6 3. Bc4 Be7 4. d3 c6 5. O-O Nd7 6. Ng5 Bxg5 7. Bxg5 Qxg5 8.
Qf3 Ndf6 9. Nc3 Ne7 10. g3 Bh3 11. Rfe1 O-O 12. b4 Qd2 13. g4 Bxg4 14. Qe3 Qxc3
15. b5 Bh5 16. bxc6 Nxc6 17. Bb3 Ng4 18. Qg3 Nd4 19. Rab1 Nf6 20. Bd5 Nf3+ 21.
Kg2 Nxe1+ 22. Rxe1 Qxe1 23. Bxb7 Rab8 24. Bd5 Rb1 25. c4 Qf1# 0-1

[Event "AUTO-INT-3196"]
[Site "http://www.queenalice.com/game.php?id=1451449"]
[Date "2016.11.23"]
[Round "1"]
[White "titi93"]
[Black "dlabedz"]
[Result "1-0"]
[WhiteElo "1549"]
[BlackElo "1312"]

1. e4 g6 2. d4 Bg7 3. c3 a6 4. e5 d6 5. Nf3 Qd7 6. Bd3 f6 7. exd6 Qxd6 8. Qe2 b5
9. b3 Nc6 10. Be4 Bb7 11. Bd2 Nh6 12. h3 O-O-O 13. a3 e5 14. b4 f5 15. Bxc6 Bxc6
16. Be3 e4 17. Nfd2 Bf6 18. Bxh6 Rhe8 19. g3 Re7 20. Bf4 Rde8 21. Bxd6 cxd6 22.
Qe3 Bd5 23. a4 Rg8 24. axb5 Kd7 25. bxa6 Ra8 26. c4 Bc6 27. b5 Bxb5 28. cxb5 Ke8
29. Nc4 Re6 30. Nc3 d5 31. Nxd5 Rc8 32. Nxf6+ Rxf6 33. a7 Ra8 34. b6 Rc6 35. Qb3
Kd7 36. Ne5+ 1-0

[Event "Challenge"]
[Site "http://www.queenalice.com/game.php?id=1452680"]
[Date "2016.11.30"]
[Round "-"]
[White "TIKAR"]
[Black "titi93"]
[Result "1-0"]
[WhiteElo "1833"]
[BlackElo "1558"]

1. c4 e5 2. Nc3 c6 3. a3 Qf6 4. Nf3 Bc5 5. e3 d6 6. d4 exd4 7. exd4 Bb6 8. Ne4
Ne7 9. Nxf6+ gxf6 10. d5 cxd5 11. cxd5 Bd7 12. Be2 Ng6 13. O-O Na6 14. b4 Rc8
15. Re1 O-O 16. Nd4 Kh8 17. Bh6 Rg8 18. g3 Rce8 19. Nb5 Bxb5 20. Bxb5 Rxe1+ 21.
Qxe1 Ne5 22. Qe4 Rg6 23. Bf4 Nc7 24. Ba4 Ng4 25. Ra2 a6 26. Bxd6 Nh6 27. Rc2 Rg4
28. Qe7 Nxd5 29. Qf8+ Ng8 30. Qxf7 Rg5 31. Rc8 Rg7 32. Qxd5 h6 33. Bb3 Bxf2+ 34.
Kxf2 Kh7 35. Qf5+ Kh8 36. Qxf6 Kh7 37. Bc2+ Rg6 38. Qf7+ Kh8 39. Bxg6 b6 40.
Qxg8# 1-0

[Event "Challenge"]
[Site "http://www.queenalice.com/game.php?id=1452681"]
[Date "2016.11.30"]
[Round "-"]
[White "titi93"]
[Black "TIKAR"]
[Result "0-1"]
[WhiteElo "1542"]
[BlackElo "1759"]

1. e4 c5 2. Bc4 Nc6 3. Nf3 e6 4. d3 h6 5. Bf4 Nf6 6. h3 d5 7. exd5 exd5 8. Qe2+
Be6 9. Nc3 dxc4 10. dxc4 Be7 11. Nb5 O-O 12. Rd1 Qa5+ 13. Nc3 Qb4 14. Rb1 Bxc4
15. a3 Bxe2 16. axb4 Bxf3 17. gxf3 Nxb4 18. Rc1 Rfe8 19. O-O Nh5 20. Be3 Rad8
21. Ne4 b6 22. c3 Nd3 23. Ra1 a5 24. b3 Ndf4 25. Kh2 Bh4 26. Rg1 Kh7 27. Rg4 g5
28. c4 f5 29. Nxg5+ hxg5 30. Rag1 fxg4 31. fxg4 Nf6 32. Rf1 Ne4 33. f3 Ng3 34.
Re1 Nf5 0-1

[Event "Challenge"]
[Site "http://www.queenalice.com/game.php?id=1453286"]
[Date "2016.12.4"]
[Round "-"]
[White "titi93"]
[Black "Daniel1962"]
[Result "1-0"]
[WhiteElo "1535"]
[BlackElo "1708"]

1. e4 e5 2. Bc4 Nf6 3. d3 Bc5 4. Nf3 Ng4 5. Be3 Bxe3 6. fxe3 Nxe3 7. Qd2 Nxc4 8.
dxc4 f6 9. Nc3 c6 10. Na4 d6 11. O-O-O Be6 12. b3 Na6 13. Qxd6 Qxd6 14. Rxd6 Bg4
15. Rhd1 Bxf3 16. gxf3 O-O 17. c3 Nc7 18. Nc5 a5 19. Nxb7 Ne8 20. Rxc6 Ra7 21.
Nd8 h5 22. h4 g5 23. hxg5 fxg5 24. Rg6+ Ng7 25. Ne6 Rxf3 26. Rxg5 Rxc3+ 27. Kb2
Re3 28. Nc5 Kh7 29. Rxe5 h4 30. Nd3 Kh6 31. Nf4 Rf7 32. Nd5 Rf2+ 33. Ka3 h3 34.
Nb6 h2 35. c5 Rh3 36. c6 Rc3 37. Nc4 a4 38. Rb5 axb3 39. axb3 Rh3 40. c7 Rf8 41.
Rb8 Rxb8 42. cxb8=Q h1=Q 43. Rxh1 Rxh1 44. Qh8+ 1-0

[Event "Challenge"]
[Site "http://www.queenalice.com/game.php?id=1453289"]
[Date "2016.12.4"]
[Round "-"]
[White "Daniel1962"]
[Black "titi93"]
[Result "0-1"]
[WhiteElo "1587"]
[BlackElo "1521"]

1. c4 e5 2. Nc3 Bc5 3. Nf3 d6 4. d4 exd4 5. Nxd4 Qf6 6. Nd5 Qd8 7. Nb5 Na6 8.
Qa4 Bd7 9. e3 c6 10. Nxd6+ Bxd6 11. Nf4 Qe7 12. Nd3 c5 13. Qd1 Nf6 14. Qf3 Bc6
15. Qd1 O-O 16. Bd2 Qe6 17. Nc1 Nh5 18. Qxh5 Nb4 19. Qd1 Qe4 20. Bd3 Nxd3+ 21.
Nxd3 Qxd3 22. b3 Bxg2 23. Rg1 Bh3 24. Qf3 Bf5 25. Qxb7 Bxh2 26. Rh1 Be4 27. Qe7
Bf3 0-1

[Event "Challenge"]
[Site "http://www.queenalice.com/game.php?id=1454288"]
[Date "2016.12.11"]
[Round "-"]
[White "titi93"]
[Black "cyrillt"]
[Result "1-0"]
[WhiteElo "1462"]
[BlackElo "1758"]

1. e4 Nc6 2. d4 d5 3. e5 Bf5 4. Bd2 e6 5. c3 Be7 6. Na3 Bxa3 7. bxa3 Nge7 8. Nf3
Na5 9. Qa4+ Nac6 10. Qb5 b6 11. Nh4 a6 12. Qe2 Ng6 13. Nxf5 exf5 14. Qf3 O-O 15.
Be2 Qd7 16. a4 b5 17. axb5 axb5 18. Bd3 Nce7 19. O-O f6 20. exf6 Rxf6 21. Rfb1
c6 22. h3 Nh4 23. Qh5 Neg6 24. Bg5 Rf7 25. Bxh4 Nf4 26. Qf3 Ra3 27. Qxf4 Rxc3
28. Rb3 Rxb3 29. axb3 h6 30. Ra8+ Kh7 31. Rd8 Qe6 32. Rd6 Qe1+ 33. Kh2 Qe8 34.
Bxf5+ Kh8 35. Rxc6 Qf8 36. Rc8 Qxc8 37. Qxh6+ gxh6 38. Bxc8 Rc7 39. Bf6+ Kh7 40.
Bf5+ Kg8 41. Be6+ Kf8 42. Bxd5 Rc2 43. f3 Ra2 44. Bd8 Ra6 45. Bb7 Rd6 46. Ba5
Rxd4 47. Bc6 b4 48. g4 Kf7 49. Kg3 Kf6 50. h4 Kg6 51. Be4+ Kg7 52. Kf4 Kf6 53.
g5+ hxg5+ 54. hxg5+ Kg7 55. Bb6 Rd7 56. Bc5 Rf7+ 57. Bf5 Rb7 58. Bd4+ Kf7 59.
g6+ Kg8 60. Kg5 Rb5 61. Kf6 Ra5 62. Be6+ Kh8 63. Kf7+ Re5 64. Bxe5# 1-0

[Event "Challenge"]
[Site "http://www.queenalice.com/game.php?id=1462593"]
[Date "2017.2.3"]
[Round "-"]
[White "titi93"]
[Black "dejami"]
[Result "0-1"]
[WhiteElo "1545"]
[BlackElo "1798"]

1. e4 e5 2. Nf3 f6 3. Bc4 Ne7 4. d3 c6 5. Nc3 b5 6. Bb3 a5 7. a4 b4 8. Ne2 c5 9.
Be3 Ng6 10. c3 d6 11. cxb4 axb4 12. Ng3 Bg4 13. h3 Bd7 14. O-O Nc6 15. Nd2 Na5
16. Nc4 Nc6 17. Qd2 Be6 18. Nf5 Bxf5 19. exf5 Nge7 20. Qd1 Nxf5 21. a5 Ra6 22.
Qf3 Nh4 23. Qg4 Ng6 24. Ba4 Ne7 25. Qe6 Qc7 26. Nxd6+ Kd8 0-1

[Event "Challenge"]
[Site "http://www.queenalice.com/game.php?id=1462594"]
[Date "2017.2.3"]
[Round "-"]
[White "dejami"]
[Black "titi93"]
[Result "1-0"]
[WhiteElo "1751"]
[BlackElo "1535"]

1. e4 e5 2. Bc4 Nf6 3. Qf3 Na6 4. c3 Bc5 5. h3 d6 6. g4 c6 7. g5 Be6 8. Bxe6
fxe6 9. gxf6 Qxf6 10. Qh5+ g6 11. Qe2 O-O-O 12. a4 Rhf8 13. f3 Qh4+ 14. Kd1 d5
15. b4 Bd6 16. d3 d4 17. c4 Bxb4 18. Bd2 Bxd2 19. Nxd2 h5 20. Qg2 Rf6 21. Rb1 c5
22. Nb3 Nb4 23. Nxc5 Na2 24. Qxa2 b6 25. Na6 Qf4 26. a5 Qe3 27. axb6 axb6 28.
Rxb6 Kd7 29. Qa4+ Ke7 30. Rb7+ Kf8 31. Qb4+ 1-0

[Event "Challenge"]
[Site "http://www.queenalice.com/game.php?id=1468912"]
[Date "2017.3.15"]
[Round "-"]
[White "titi93"]
[Black "cyrillt"]
[Result "0-1"]
[WhiteElo "1528"]
[BlackElo "1727"]

1. e4 e5 2. d3 Nc6 3. Nc3 Bb4 4. Bd2 d6 5. Nd5 Bxd2+ 6. Qxd2 Nd4 7. h3 Nf6 8. c3
Nc6 9. Nf3 Be6 10. d4 Nxd5 11. exd5 Bxd5 12. Bb5 O-O 13. b3 Bxf3 14. gxf3 Qh4
15. O-O-O Na5 16. dxe5 dxe5 17. Qd7 c6 18. Be2 Rad8 19. Qg4 Rxd1+ 20. Rxd1 Qxf2
21. h4 Qe3+ 22. Rd2 Qxc3+ 23. Kd1 Qa1+ 24. Kc2 Qxa2+ 25. Kd3 Rd8+ 26. Ke4 Qxd2
27. Qg2 Qd4+ 28. Kf5 Qf4# 0-1

[Event "Challenge"]
[Site "http://www.queenalice.com/game.php?id=1468913"]
[Date "2017.3.15"]
[Round "-"]
[White "cyrillt"]
[Black "titi93"]
[Result "1-0"]
[WhiteElo "1754"]
[BlackElo "1466"]

1. e4 e5 2. d4 Qf6 3. Nf3 d6 4. Bc4 h6 5. O-O exd4 6. Nxd4 Ne7 7. Be3 a6 8. Nc3
Nbc6 9. Nce2 Qg6 10. Nf4 Qxe4 11. c3 Nxd4 12. cxd4 Nf5 13. Bd3 Qe6 14. Re1 d5
15. Nxe6 Bxe6 16. Qa4+ b5 17. Bxb5+ Ke7 18. Bc6 Rb8 19. Bf4 g5 20. Bxc7 Rc8 21.
Be5 Rh7 22. Qxa6 f6 23. Qb7+ Kd8 24. Qxh7 Rxc6 25. Bxf6+ Ke8 26. Qxf5 Kf7 27.
Qe5 Be7 28. Bh8 Kg6 29. Qg7+ Kh5 30. Qxe7 Bg4 31. Re5 Rc2 32. Rxg5+ Kh4 33.
Rxd5# 1-0

[Event "Challenge"]
[Site "http://www.queenalice.com/game.php?id=1470986"]
[Date "2017.3.29"]
[Round "-"]
[White "cyrillt"]
[Black "titi93"]
[Result "1-0"]
[WhiteElo "1677"]
[BlackElo "1556"]

1. g3 e5 2. e4 d6 3. Nf3 Nh6 4. d4 Nd7 5. d5 Nc5 6. Nc3 c6 7. Bc4 Be7 8. Bxh6
gxh6 9. O-O h5 10. Nd2 h4 11. dxc6 bxc6 12. Qf3 Bh3 13. Rfd1 Bg5 14. Qxf7# 1-0